Popular - Wicked (2024) Lyrics - Statistics

General Stats
  • This quiz has been taken 760 times
  • The average score is 218 of 357
Answer Stats
Hint Answer % Correct
Galinda (spoken) I
98%
I?
98%
you
98%
You
98%
a
96%
Popular
94%
popular
94%
to
94%
be
92%
the
91%
your
90%
Your
90%
an
89%
make
89%
me
89%
do
88%
go
87%
know,
87%
know
87%
Know
87%
wear,
87%
that
86%
when
86%
When
86%
And
85%
and
85%
don't
85%
Don't
85%
have
85%
so
85%
So
85%
it,
84%
it
84%
what
84%
my
83%
My
83%
gonna
82%
who
79%
You're
78%
you're
78%
really
77%
they
76%
They
76%
see
75%
I've
73%
than
73%
we're
73%
were
73%
We're
73%
in
72%
less
72%
Less
72%
will
72%
I'll
71%
let's
71%
face
70%
someone
70%
fortunate
69%
it's
68%
Glinda It's
68%
need
68%
now
68%
Now
68%
start
68%
Galinda Whenever
68%
I'm
67%
isn't
66%
new
66%
boys
65%
heart
64%
that's
64%
project
63%
right,
63%
right
63%
Glinda (spoken) Right!
63%
take
63%
talk
63%
how
62%
makeover
62%
nice
62%
simply
62%
teach
62%
way
62%
case
61%
exactly
61%
friends
61%
hair
61%
makes
61%
over
61%
tender
61%
bleed
60%
Galinda (spoken) Elphie,
60%
Elphaba (spoken) Oh,
60%
oh
60%
needs
59%
proper
59%
Though
59%
though
59%
decided
58%
even
58%
shoes
58%
yes,
57%
yet
57%
Follow
56%
worry,
56%
lead
55%
succeed
55%
tends
55%
toughest
55%
determined
54%
fix
54%
flirt
54%
indeed
53%
show
52%
as
50%
with
50%
You'll
50%
you'll
50%
Everything
49%
help
47%
ways
47%
counts
46%
Little
44%
flounce,
43%
at
42%
of
42%
sports
42%
good
41%
La
41%
Not
39%
not
39%
got
38%
you've
37%
about
35%
cohorts,
35%
long
35%
slang
34%
'cause
33%
hang
33%
ploys
33%
awfully
31%
by
30%
Think
30%
think
30%
analysis
27%
frank
27%
Well,
27%
offended
26%
from
25%
personality
25%
are
24%
assist
23%
all
22%
laugh
21%
pal,
21%
There's
21%
dialysis
20%
on
20%
or
19%
sister,
19%
become
18%
comes
17%
Did
17%
wiser
17%
brains
16%
can
16%
chosen
16%
Just
16%
nobody
16%
instead
15%
creatures
13%
'Lar
13%
Like
13%
quite
13%
adviser
12%
dreary
12%
knowledge?
12%
nothing
12%
becoming
11%
stop
11%
very
11%
Very,
11%
depressing
10%
features
10%
Ooh
9%
populer
9%
great
8%
heads
8%
popularity
8%
them
8%
bear
7%
communicators
7%
grin
7%
protest
7%
state
7%
their
7%
viewed
7%
aptitude,
6%
Celebrated
6%
disinterest
6%
especially
6%
own
6%
remind
6%
La-la
5%
newfound
5%
Whoo!
4%
behalf
3%
shrewd
3%
unpreposessing
3%
clandestinedly
0%
No matching quizzes found
Score Distribution
Percent of People with Each Score
Percentile by Number Answered
Your Score History
You have not taken this quiz